[Event "LTU-chT 2019"]
[Site "Lithuania"]
[Date "2019.03.30"]
[Round "4.20"]
[White "Dailidenas, Justas"]
[Black "Antanauskas, Julius"]
[Result "1-0"]
[WhiteElo "1658"]
[BlackElo "1180"]
[Annotator "NA"]
[PlyCount "59"]
[EventDate "2019.01.26"]
[EventType "team-tourn"]
[EventCountry "LTU"]
[SourceTitle "playchess.com"]
[Source "ChessBase"]
[SourceQuality "1"]
[TimeControl "40/5400+30:1800+30"]

1. e4 {[%emt 0:00:00]} e5 {[%emt 0:00:00]} 2. Nf3 {[%emt 0:00:02]} Nc6 {[%emt 0:00:31]} 3. Bb5 {[%emt 0:00:11]} Bc5 {[%emt 0:01:19]} 4. O-O {[%emt 0:00:49]} d6 {[%emt 0:01:05]} 5. d4 {[%emt 0:01:32]} exd4 {[%emt 0:02:27]} 6. Nxd4 {[%emt 0:00:55]} Bd7 {[%emt 0:02:09]} 7. Nxc6 {[%emt 0:01:12]} Bxc6 {[%emt 0:01:36]} 8. Bxc6+ {[%emt 0:00:13]} bxc6 {[%emt 0:00:10]} 9. Nc3 {[%emt 0:01:10]} Ne7 {[%emt 0:06:17]} 10. Bf4 {[%emt 0:07:49]} Ng6 {[%emt 0:01:38]} 11. Bg3 {[%emt 0:00:06]} O-O {[%emt 0:00:40]} 12. Qd3 {[%emt 0:12:56]} Re8 {[%emt 0:05:33]} 13. Rad1 {[%emt 0:03:28]} Ne5 {[%emt 0:05:45]} 14. Bxe5 {[%emt 0:00:11]} Rxe5 {[%emt 0:00:49]} 15. Kh1 {[%emt 0:07:14]} Qf6 {[%emt 0:06:34]} 16. f4 {[%emt 0:03:44]} Ree8 {[%emt 0:00:40]} 17. Rde1 {[%emt 0:10:52]} Qg6 18. Qa6 {[%emt 0:06:23]} Bb6 {[%emt 0:06:19]} 19. Qc4 {[%emt 0:03:56]} c5 {[%emt 0:04:09]} 20. Nd5 Rab8 {[%emt 0:02:01]} 21. f5 {[%emt 0:09:57]} Qh6 {[%emt 0:02:11]} 22. f6 {[%emt 0:04:23]} g6 {[%emt 0:01:00]} 23. Re3 {[%emt 0:03:07]} c6 {[%emt 0:03:55]} 24. Ne7+ {[%emt 0:00:06]} Rxe7 {[%emt 0:01:48]} 25. fxe7 {[%emt 0:00:08]} d5 {[%emt 0:01:07]} 26. exd5 {[%emt 0:03:38]} Qxe3 {[%emt 0:00:45]} 27. d6 {[%emt 0:00:09]} Qe6 {[%emt 0:01:18]} 28. Qxe6 {[%emt 0:01:00]} fxe6 {[%emt 0:00:07]} 29. d7 {[%emt 0:00:05]} Kg7 {[%emt 0:01:41]} 30. e8=Q {[%emt 0:00:43]} 1-0

[Event "LTU-chT 2019"]
[Site "Lithuania"]
[Date "2019.03.31"]
[Round "5.1"]
[White "Chocenka, Dmitrijus"]
[Black "Laurusas, Tomas"]
[Result "0-1"]
[WhiteElo "2287"]
[BlackElo "2495"]
[Annotator "TA"]
[PlyCount "110"]
[EventDate "2019.01.26"]
[EventType "team-tourn"]
[EventCountry "LTU"]
[SourceTitle "playchess.com"]
[Source "ChessBase"]
[SourceQuality "1"]

{[%evp 30,110,42,0,7,0,18,16,28,25,67,41,51,54,79,30,66,70,77,82,62,66,117,33,34,0,39,-14,-18,-7,0,-12,0,0,0,0,9,-35,-35,-38,-28,-24,-10,-238,-51,-187,-190,-176,29,0,0,0,0,-37,-22,-83,-88,-95,-42,-41,-55,-47,-51,-56,-56,-297,-282,-306,-284,-279,-277,-323,-297,-374,-360,-1155,-1121,-1359,-1356,-1511,-1441,-1404,-1379]} 1. e4 e5 2. Nf3 Nc6 3. Bb5 a6 4. Ba4 Nf6 5. O-O b5 6. Bb3 Be7 7. Re1 d6 8. c3 O-O 9. h3 Nb8 10. d4 Nbd7 11. Nbd2 Bb7 12. Bc2 Re8 13. Nf1 Bf8 14. Ng3 g6 15. a4 Bg7 16. d5 Qe7 {[#] C95: Closed Ruy Lopez: Breyer Variation with 10 d4} (16... Qb8 17. b3 c6 18. c4 bxc4 19. bxc4 a5 20. Ba3 Bf8 21. Ne2 Qc7 22. Nc3 Ba6 23. Bb3 Nc5 24. Bxc5 dxc5 {½-½ (45) Shirov,A (2741)-Roiz,M (2680) Cala Mayor 2008}) 17. c4 $146 ({Predecessor:} 17. b3 c6 18. c4 bxc4 19. bxc4 a5 20. Be3 Rec8 21. Rb1 Ba6 22. Nd2 Qf8 23. Ngf1 {½-½ (23) Korneev,O (2582)-Kveinys,A (2499) Heusenstamm 2016}) 17... bxc4 18. Nd2 $1 c3 {The position is equal.} 19. bxc3 h5 20. Rb1 Nc5 21. Ba3 {Black must now prevent Bxc5.} Bc8 22. Nf3 Bd7 23. Nf1 Reb8 24. Rxb8+ Rxb8 25. N1d2 Be8 (25... Ne8 $14) 26. Nc4 (26. Bxc5 $1 $16 dxc5 27. Qe2) 26... Nfd7 $14 27. a5 Qf8 28. g4 ({Better is} 28. Qe2 $14) 28... hxg4 $11 29. hxg4 Rb5 30. Kg2 Nf6 31. Nfd2 Bd7 32. f3 $1 Bh6 33. Nb3 Nxb3 34. Bxb3 Bf4 35. Rh1 Qc8 36. Ba2 $2 {[#]} (36. Bc2 $11 {and White is okay.}) 36... Nh7 $2 (36... Bxg4 $1 $19 {[%mdl 512] And now ...Bh5 would win.} 37. fxg4 Nxe4) 37. Bc1 (37. Bb4 $15) 37... Bxc1 $1 $19 38. Qxc1 {[#]} g5 $2 (38... Bxg4 $1 $19 {[%mdl 512]} 39. Kf2 (39. Qh6 $2 Bh5 $19) (39. fxg4 Qxg4+) 39... Bh5) 39. Kg3 (39. Rh5 $5 {[%cal Rc1h1]} Qf8 40. Qd1 $14) 39... Qd8 40. Rh6 $36 {[%mdl 2048] Qh1 is the strong threat. Black is under pressure.} Nf8 41. Rh5 Ng6 42. Rxg5 ({Of course not} 42. Qxg5 Qxg5 43. Rxg5 Rc5 $17) (42. Ne3 $1 $11 {keeps the balance.}) 42... Qf6 $17 43. Qd2 Kf8 ({Black should play} 43... Rc5 $17 44. Rh5 Qf4+ 45. Kf2 Qxd2+ 46. Nxd2 Rxa5) 44. Rh5 $15 Qf4+ 45. Qxf4 exf4+ 46. Kf2 Rc5 {Hoping for ...Bb5.} 47. Rh1 $2 {[#]} (47. e5 $1 $15 dxe5 48. Nxe5 Nxe5 49. Rxe5) 47... Bb5 $1 $19 {[%cal Rb5c4]} 48. Nd2 Rxc3 49. Bb1 Ke7 50. e5 Nxe5 51. Re1 Bd3 52. Ne4 $2 (52. Rd1) 52... Rb3 {Black is clearly winning.} 53. Nd2 Rb2 54. Bxd3 Rxd2+ {[%mdl 64] Double Attack} 55. Be2 Nd3+ {[%mdl 64] Double Attack. Accuracy: White = 27%, Black = 43%.} 0-1

[Event "LTU-chT 2019"]
[Site "Lithuania"]
[Date "2019.03.31"]
[Round "5.2"]
[White "Krivonosov, Oleg"]
[Black "Mickevicius, Juras"]
[Result "1-0"]
[WhiteElo "2398"]
[BlackElo "2273"]
[Annotator "NA"]
[PlyCount "119"]
[EventDate "2019.01.26"]
[EventType "team-tourn"]
[EventCountry "LTU"]
[SourceTitle "playchess.com"]
[Source "ChessBase"]
[SourceQuality "1"]
[TimeControl "40/5400+30:1800+30"]

1. Nf3 {[%emt 0:00:00]} Nf6 {[%emt 0:00:00]} 2. c4 {[%emt 0:00:00]} e6 {[%emt 0:00:00]} 3. g3 {[%emt 0:00:00]} d5 {[%emt 0:00:00]} 4. d4 {[%emt 0:00:16]} Bb4+ {[%emt 0:00:16]} 5. Bd2 {[%emt 0:00:10]} Be7 {[%emt 0:00:02]} 6. Bg2 {[%emt 0:00:17]} O-O {[%emt 0:00:05] LiveBook: 3907 Games} 7. O-O {[%emt 0:00:39]} c6 {[%emt 0:00:01]} 8. Qc2 {[%emt 0:01:06]} Nbd7 {[%emt 0:00:13]} 9. Bf4 {[%emt 0:01:19]} b6 {[%emt 0:01:33]} 10. Rd1 {[%emt 0:01:28]} Bb7 {[%emt 0:00:20]} 11. Ne5 {[%emt 0:02:20]} Nh5 {[%emt 0:00:21]} 12. Bd2 {[%emt 0:01:54]} Nhf6 {[%emt 0:00:04]} 13. cxd5 {[%emt 0:00:56]} cxd5 {[%emt 0:00:03]} 14. Nc6 {[%emt 0:00:23]} Bxc6 {[%emt 0:00:03]} 15. Qxc6 {[%emt 0:00:04]} Rc8 {[%emt 0:00:03]} 16. Qb5 {[%emt 0:00:49]} Ne8 {[%emt 0:00:31]} 17. Qd3 {[%emt 0:01:46]} Nd6 {[%emt 0:00:45]} 18. b3 {[%emt 0:01:05]} Nf6 {[%emt 0:00:40]} 19. Nc3 {[%emt 0:01:22]} Qd7 {[%emt 0:00:35]} 20. Rac1 {[%emt 0:00:53]} Rfd8 {[%emt 0:03:09]} 21. e3 {[%emt 0:01:19]} Rc7 {[%emt 0:08:34]} 22. Ne2 {[%emt 0:05:53]} Rxc1 {[%emt 0:06:18]} 23. Rxc1 {[%emt 0:00:25]} Rc8 {[%emt 0:00:05]} 24. Rxc8+ {[%emt 0:03:03]} Qxc8 {[%emt 0:00:07]} 25. f3 {[%emt 0:01:50]} Nde8 {[%emt 0:17:35]} 26. Bf1 {[%emt 0:03:55]} h5 {[%emt 0:01:04]} 27. h3 {[%emt 0:06:01]} Qc7 {[%emt 0:02:25]} 28. Qc3 {[%emt 0:01:19]} Qd7 {[%emt 0:06:26]} 29. Be1 {[%emt 0:02:13]} g5 {[%emt 0:08:26]} 30. g4 {[%emt 0:00:59]} hxg4 {[%emt 0:00:28]} 31. hxg4 {[%emt 0:00:05]} Nh7 {[%emt 0:00:18]} 32. Ng3 {[%emt 0:04:13]} Nd6 {[%emt 0:02:23]} 33. Bd3 {[%emt 0:02:40]} Nf6 {[%emt 0:05:34]} 34. Qd2 {[%emt 0:03:53]} Qc6 {[%emt 0:05:46]} 35. a4 {[%emt 0:02:28]} Bf8 {[%emt 0:06:33]} 36. Kf1 {[%emt 0:02:28]} Bg7 {[%emt 0:00:55]} 37. Qc2 {[%emt 0:00:48]} Qxc2 {[%emt 0:03:35]} 38. Bxc2 {[%emt 0:00:04]} a5 {[%emt 0:00:08]} 39. Bd3 {[%emt 0:01:09]} Bf8 {[%emt 0:00:22]} 40. Bd2 {[%emt 0:00:51]} Nd7 {[%emt 0:01:16]} 41. e4 {[%emt 0:37:21]} dxe4 {[%emt 0:31:11]} 42. Nxe4 {[%emt 0:00:21]} f6 {[%emt 0:00:41]} 43. Nxd6 {[%emt 0:05:30]} Bxd6 $16 {[%emt 0:00:03]} 44. Bb5 {[%emt 0:00:15]} Nf8 {[%emt 0:02:22]} 45. Be8 {[%emt 0:00:25]} e5 {[%emt 0:08:33]} 46. d5 {[%emt 0:05:58]} Kg7 {[%emt 0:00:06]} 47. Be3 {[%emt 0:02:43]} Bc7 {[%emt 0:00:44]} 48. Ke2 {[%emt 0:03:44]} Ng6 {[%emt 0:00:03]} 49. Kd3 {[%emt 0:03:42]} Nf4+ {[%emt 0:00:00]} 50. Kc4 {[%emt 0:00:00]} f5 {[%emt 0:07:18]} 51. d6 {[%emt 0:00:00]} Bd8 {[%emt 0:02:13]} 52. gxf5 {[%emt 0:00:00]} Kf6 {[%emt 0:00:48]} 53. Bxf4 {[%emt 0:00:00]} exf4 {[%emt 0:01:04]} 54. Kd5 {[%emt 0:00:00]} Kxf5 {[%emt 0:01:03]} 55. Bd7+ {[%emt 0:00:00]} Kf6 {[%emt 0:00:06]} 56. Bg4 {[%emt 0:00:00]} Kf7 {[%emt 0:00:17]} 57. Kc6 {[%emt 0:00:00]} Bf6 {[%emt 0:02:13]} 58. Kb7 {[%emt 0:00:00]} Be5 {[%emt 0:02:26]} 59. d7 {[%emt 0:00:00]} Bf6 {[%emt 0:00:12]} 60. Kc8 {[%emt 0:00:00]} 1-0

[Event "LTU-chT 2019"]
[Site "Lithuania"]
[Date "2019.03.31"]
[Round "5.3"]
[White "Zickus, Simonas"]
[Black "Sakalauskas, Vaidas"]
[Result "1/2-1/2"]
[WhiteElo "2330"]
[BlackElo "2346"]
[Annotator "NA"]
[PlyCount "45"]
[EventDate "2019.01.26"]
[EventType "team-tourn"]
[EventCountry "LTU"]
[SourceTitle "playchess.com"]
[Source "ChessBase"]
[SourceQuality "1"]
[TimeControl "40/5400+30:1800+30"]

{[%evp 8,42,16,21,17,14,24,10,30,22,20,40,44,38,54,27,24,32767,32767,31,22,0,29,32767,32767,32767,32767,39,32767,18,32767,32767,32767,32767,32767,0,35]} 1. Nf3 {[%emt 0:00:00]} Nf6 {[%emt 0:00:32]} 2. g3 {[%emt 0:01:12]} g6 {[%emt 0:00:17]} 3. Bg2 {[%emt 0:00:05]} Bg7 {[%emt 0:00:07]} 4. O-O {[%emt 0:00:05]} d5 {[%emt 0:00:31]} 5. d4 {[%emt 0:00:07]} O-O {[%emt 0:00:10]} 6. c4 {[%emt 0:00:03]} dxc4 {[%emt 0:03:03]} 7. Na3 {[%emt 0:00:44]} Nc6 {[%emt 0:00:10]} 8. Nxc4 {[%emt 0:00:30]} Be6 {[%emt 0:00:15]} 9. b3 {[%emt 0:00:24]} a5 {[%emt 0:00:49]} 10. Bb2 {[%emt 0:02:33]} Bd5 {[%emt 0:00:41]} 11. a4 {[%emt 0:01:25]} Nb4 {[%emt 0:02:28]} 12. e3 {[%emt 0:08:10]} Be4 {[%emt 0:04:26] D77: Fianchetto Grünfeld: 6 0-0: Replies other than 6...c6} (12... Ne4 13. Qe2 Nd6 14. Rfd1 c6 15. Ncd2 Ne4 16. Nc4 Qc7 17. Rdc1 Rfd8 18. Nfe5 Nd6 19. e4 Bxc4 20. bxc4 {0-1 (122) Georgiev,K (2636)-Safarli,E (2660) Khanty-Mansiysk 2013}) 13. Ne1 {[%emt 0:09:46]} Bxg2 {[%emt 0:02:07]} 14. Kxg2 {[%emt 0:06:17]} c6 {[%emt 0:02:57]} 15. Nd3 {[%emt 0:17:00]} ({Predecessor:} 15. Ba3 b5 16. Ne5 bxa4 17. bxa4 Qd5+ 18. Qf3 {1-0 (48) Schreiner,P (2471)-Tuncer,U (2329) Austria 2013}) 15... Nxd3 {[%emt 0:16:58]} 16. Qxd3 {[%emt 0:00:13]} Qc7 {[%emt 0:00:59]} 17. e4 {[%emt 0:13:19]} Rfd8 {[%emt 0:02:26]} 18. Qe3 {[%emt 0:01:29]} Nd7 {[%emt 0:06:22]} 19. Rac1 {[%emt 0:03:10]} Nb6 {[%emt 0:01:35]} 20. Ne5 {[%emt 0:04:35]} Nd7 {[%emt 0:00:23]} 21. Nc4 {[%emt 0:03:52]} Nb6 $14 {[%emt 0:01:10]} 22. Ne5 {[%emt 0:01:31]} Nd7 {[%emt 0:01:15]} 23. Nc4 {[%emt 0:00:05]} 1/2-1/2

[Event "LTU-chT 2019"]
[Site "Lithuania"]
[Date "2019.03.31"]
[Round "5.4"]
[White "Vedrickas, Tautvydas"]
[Black "Viskelis, Darius"]
[Result "1/2-1/2"]
[WhiteElo "2390"]
[BlackElo "2242"]
[Annotator "ChessBase"]
[PlyCount "123"]
[EventDate "2019.01.26"]
[EventType "team-tourn"]
[EventCountry "LTU"]
[SourceTitle "playchess.com"]
[Source "ChessBase"]
[SourceQuality "1"]
[TimeControl "40/5400+30:1800+30"]

1. Nf3 {[%emt 0:00:00]} d5 {[%emt 0:00:00]} 2. c4 {[%emt 0:00:55]} e6 {[%emt 0:00:20]} 3. e3 {[%emt 0:00:54]} Nf6 {[%emt 0:00:23]} 4. b3 {[%emt 0:00:27]} b6 {[%emt 0:01:14]} 5. Bb2 {[%emt 0:01:28]} Bb7 {[%emt 0:01:35]} 6. Be2 {[%emt 0:00:09]} Bd6 {[%emt 0:03:58]} 7. cxd5 {[%emt 0:01:48]} Nxd5 {[%emt 0:02:53]} 8. Nc3 {[%emt 0:00:22]} O-O {[%emt 0:00:22]} 9. Qb1 {[%emt 0:01:56]} a5 {[%emt 0:08:31]} 10. h4 {[%emt 0:03:24]} Nxc3 {[%emt 0:00:42]} 11. Bxc3 {[%emt 0:01:02]} Bb4 {[%emt 0:00:20]} 12. Ng5 {[%emt 0:08:42]} g6 {[%emt 0:00:50]} 13. Qb2 {[%emt 0:08:55]} Bxc3 {[%emt 0:03:09]} 14. Qxc3 {[%emt 0:03:30]} h6 {[%emt 0:00:45]} 15. Bf3 {[%emt 0:10:58]} Bxf3 {[%emt 0:01:46]} 16. Nxf3 {[%emt 0:01:59]} c5 {[%emt 0:05:29]} 17. h5 {[%emt 0:12:16]} g5 {[%emt 0:02:45]} 18. Ne5 {[%emt 0:01:10]} Nd7 {[%emt 0:12:44]} 19. O-O {[%emt 0:15:10]} Nxe5 {[%emt 0:05:58]} 20. Qxe5 {[%emt 0:00:02]} Qd3 {[%emt 0:00:35]} 21. f4 {[%emt 0:01:56]} Rad8 {[%emt 0:03:13]} 22. fxg5 {[%emt 0:00:58]} Rd5 {[%emt 0:04:06]} 23. Qf4 {[%emt 0:12:33]} Rxg5 {[%emt 0:01:25]} 24. Rf2 {[%emt 0:00:19]} Qd5 {[%emt 0:06:54]} 25. Raf1 {[%emt 0:00:32]} Qe5 {[%emt 0:03:33]} 26. Qxe5 {[%emt 0:00:54]} Rxe5 {[%emt 0:00:02]} 27. g4 {[%emt 0:00:07]} Re4 {[%emt 0:07:06]} 28. Rg2 {[%emt 0:01:24]} f6 {[%emt 0:00:25]} 29. Rf4 {[%emt 0:04:12]} Rb4 {[%emt 0:01:37]} 30. d4 {[%emt 0:00:44]} cxd4 {[%emt 0:01:17]} 31. Rxd4 {[%emt 0:00:15]} Rxd4 {[%emt 0:02:45]} 32. exd4 {[%emt 0:00:03]} Rd8 {[%emt 0:01:31]} 33. Rd2 {[%emt 0:00:06]} Kf7 {[%emt 0:00:47]} 34. Kf2 {[%emt 0:00:08]} Ke7 {[%emt 0:00:15]} 35. Ke3 {[%emt 0:00:59]} Rg8 {[%emt 0:00:08]} 36. Kf4 {[%emt 0:01:10]} Kd6 {[%emt 0:00:19]} 37. Rc2 {[%emt 0:00:44]} f5 {[%emt 0:05:13]} 38. gxf5 {[%emt 0:00:36]} Rf8 {[%emt 0:00:01]} 39. Ke4 {[%emt 0:02:48]} Rxf5 {[%emt 0:00:21]} 40. Rc8 {[%emt 0:00:53]} Rxh5 {[%emt 0:00:19]} 41. Rd8+ {[%emt 0:30:32]} Kc7 {[%emt 0:31:19]} 42. Re8 {[%emt 0:01:12]} Rh2 {[%emt 0:01:52]} 43. a4 {[%emt 0:00:00]} Rb2 {[%emt 0:00:00]} 44. Ke5 {[%emt 0:00:00]} Rxb3 {[%emt 0:00:00]} 45. Re7+ {[%emt 0:00:00]} Kd8 {[%emt 0:00:00]} 46. Rh7 {[%emt 0:00:00]} Rb4 {[%emt 0:00:00]} 47. Rxh6 {[%emt 0:00:00]} Rxa4 {[%emt 0:00:00]} 48. Rxe6 {[%emt 0:00:00]} b5 {[%emt 0:02:27]} 49. Rh6 {[%emt 0:00:00]} b4 {[%emt 0:01:28]} 50. Kd6 {[%emt 0:00:00]} Ke8 {[%emt 0:00:30]} 51. Ke6 {[%emt 0:00:00]} Kf8 {[%emt 0:00:05]} 52. Kf6 {[%emt 0:00:00]} Kg8 {[%emt 0:00:11]} 53. Rg6+ {[%emt 0:00:00]} Kh7 {[%emt 0:00:09]} 54. Rg7+ {[%emt 0:00:00]} Kh6 {[%emt 0:01:37]} 55. Rg1 {[%emt 0:00:00]} Kh5 {[%emt 0:00:09]} 56. d5 {[%emt 0:01:43]} b3 {[%emt 0:00:32]} 57. d6 {[%emt 0:01:11]} Rd4 {[%emt 0:01:27]} 58. Rg5+ {[%emt 0:00:37]} Kh4 {[%emt 0:01:14]} 59. Rxa5 {[%emt 0:00:07]} Rxd6+ {[%emt 0:06:02]} 60. Ke5 {[%emt 0:00:09]} Rg6 {[%emt 0:00:03]} 61. Kd4 {[%emt 0:01:05]} Rb6 {[%emt 0:01:39]} 62. Ra1 {[%emt 0:00:12]} 1/2-1/2

[Event "LTU-chT 2019"]
[Site "Lithuania"]
[Date "2019.03.31"]
[Round "5.5"]
[White "Bastys, Robertas"]
[Black "Brazdzionis, Andrius"]
[Result "1/2-1/2"]
[WhiteElo "2227"]
[BlackElo "2311"]
[Annotator "NA"]
[PlyCount "33"]
[EventDate "2019.01.26"]
[EventType "team-tourn"]
[EventCountry "LTU"]
[SourceTitle "playchess.com"]
[Source "ChessBase"]
[SourceQuality "1"]
[TimeControl "40/5400+30:1800+30"]

1. Nf3 {[%emt 0:10:14]} Nf6 {[%emt 0:00:00]} 2. g3 {[%emt 0:00:35]} d5 {[%emt 0:01:44]} 3. Bg2 {[%emt 0:00:30]} e6 {[%emt 0:01:48]} 4. O-O {[%emt 0:00:30]} b5 {[%emt 0:00:58]} 5. d4 {[%emt 0:05:03]} Bb7 {[%emt 0:00:30]} 6. Nc3 {[%emt 0:03:56]} b4 {[%emt 0:00:57]} 7. Na4 {[%emt 0:02:22]} Nbd7 {[%emt 0:00:36]} 8. Bg5 {[%emt 0:12:12]} c5 {[%emt 0:11:51]} 9. c3 {[%emt 0:13:02]} bxc3 {[%emt 0:01:16]} 10. Nxc3 $11 {[%emt 0:02:08]} Be7 {[%emt 0:00:33]} 11. dxc5 {[%emt 0:05:21]} Nxc5 {[%emt 0:00:30]} 12. Rc1 {[%emt 0:01:40]} O-O {[%emt 0:01:23]} 13. b4 {[%emt 0:05:35]} Nce4 {[%emt 0:01:16]} 14. Nxe4 {[%emt 0:02:03]} Nxe4 {[%emt 0:00:37]} 15. Bxe7 {[%emt 0:00:37]} Qxe7 {[%emt 0:00:30]} 16. Qd4 {[%emt 0:03:14]} f6 {[%emt 0:02:56]} 17. Nd2 {[%emt 0:03:27]} 1/2-1/2

[Event "LTU-chT 2019"]
[Site "Lithuania"]
[Date "2019.03.31"]
[Round "5.6"]
[White "Eigminas, Kipras"]
[Black "Sulskis, Sarunas"]
[Result "1/2-1/2"]
[WhiteElo "2034"]
[BlackElo "2529"]
[Annotator "TA"]
[PlyCount "106"]
[EventDate "2019.01.26"]
[EventType "team-tourn"]
[EventCountry "LTU"]
[SourceTitle "playchess.com"]
[Source "ChessBase"]
[SourceQuality "1"]

{[%evp 10,106,16,-6,18,-7,9,-1,0,-8,-9,-49,-3,-11,-4,-15,20,28,31,34,29,27,59,-6,15,16,58,48,44,58,60,6,76,65,39,45,88,81,81,74,79,71,63,63,69,17,47,0,0,0,0,0,0,0,0,0,24,25,17,22,31,0,0,0,0,-15,-14,-47,-47,-57,-39,-24,-12,-45,-35,-42,0,0,0,0,0,0,0,0,0,0,0,0,0,0,0,0,0,0,0,0,0,0,0]} 1. e4 e6 2. d4 d5 3. Nd2 c5 4. Ngf3 Nf6 5. exd5 Nxd5 6. Ne4 Nd7 {C07: French Tarrasch: 3...c5, 4 Ngf3 and 4 exd5 Qxd5} 7. c4 N5f6 8. Nc3 cxd4 9. Nxd4 a6 $146 ({Predecessor:} 9... Bb4 10. Be2 O-O 11. O-O a6 12. Be3 Bxc3 13. bxc3 Qc7 {½-½ (12) Papin,V (2532)-Maslak,K (2560) Armavir 2010}) 10. Nc2 b6 11. Qf3 Rb8 12. Bf4 e5 13. Bg5 h6 14. Bh4 Bb7 15. Qh3 Rg8 {[#] aiming for ...g5.} 16. f4 (16. Bg3 $14) 16... exf4 {And now ...g5 would win.} 17. O-O-O g5 18. Bf2 $1 h5 19. Qf5 Be7 20. Nd5 (20. h4 $14) 20... Bxd5 (20... Nxd5 $11 21. cxd5 Rc8) 21. cxd5 $16 Bc5 22. Be1 {Threatens to win with Bc3.} Kf8 23. h4 Qe7 24. hxg5 Qe4 25. Qxe4 Nxe4 26. Rxh5 a5 27. Bb5 ({White should try} 27. Bd3 $14 Re8 28. Bb5) 27... Ne5 $11 28. Rh4 Be7 29. Kb1 Bxg5 30. Rh3 Rd8 31. a4 Be7 32. Rd4 Ng5 33. Rh1 f3 34. gxf3 $1 Ngxf3 35. Rd1 Nxe1 36. Rhxe1 Rg5 37. Re4 Bc5 38. Kc1 Ng4 {[#] Strongly threatening ...Nf2.} 39. Rf1 Kg7 40. Bc4 Rd7 41. Kb1 Nf6 42. Ref4 Nxd5 43. R4f3 $1 {The position is equal.} Re7 44. Bb3 f6 45. Bxd5 Rxd5 46. Rxf6 Re2 47. R6f4 Rg2 48. Rc4 Rdd2 49. Rf3 Rdf2 50. Rxf2 Rxf2 51. Nd4 {Ne6+ is the strong threat.} Kf7 52. Nb5 Ke6 53. Nc3 Kd7 {Accuracy: White = 61%, Black = 58%.} 1/2-1/2

[Event "LTU-chT 2019"]
[Site "Lithuania"]
[Date "2019.03.31"]
[Round "5.7"]
[White "Starostits, Ilmars"]
[Black "Salna, Aleksandras"]
[Result "1-0"]
[WhiteElo "2450"]
[BlackElo "1955"]
[Annotator "TA"]
[PlyCount "91"]
[EventDate "2019.01.26"]
[EventType "team-tourn"]
[EventCountry "LTU"]
[SourceTitle "playchess.com"]
[Source "ChessBase"]
[SourceQuality "1"]

{[%evp 9,91,36,38,13,40,27,27,0,0,-28,70,68,145,143,175,175,167,174,185,185,179,138,165,135,132,127,133,127,139,143,135,92,116,112,118,89,97,87,83,85,89,87,108,98,113,79,87,79,104,91,166,144,143,135,158,122,115,102,218,231,216,206,234,231,227,199,220,211,276,310,482,472,615,596,659,653,1114,1075,5035,5035,4698,1770,5700,5700]} 1. d4 d5 2. c4 c6 3. Nf3 Nf6 4. e3 a6 5. Be2 (5. Bd3 Bg4 6. Nbd2 e6 7. O-O Nbd7 8. b3 c5 9. cxd5 Nxd5 10. Bb2 Be7 11. Ne4 cxd4 12. Bxd4 O-O 13. Ng3 Bf6 {1-0 (53) Dreev,A (2670)-Erenburg,S (2589) chess.com INT 2019}) 5... Bf5 6. Qb3 {D11: Slav Defence: 3 Nf3 sidelines and 3...Nf6 4 e3 Bg4} Ra7 7. Nbd2 $146 ({Predecessor:} 7. O-O h6 8. Nc3 e6 9. Ne5 Nbd7 10. f4 Be7 11. Bd2 Ne4 12. Nxe4 Bxe4 13. cxd5 exd5 {½-½ (81) Gunina,V (2496)-Ushenina,A (2450) Huaian 2016}) 7... e6 8. Ne5 {White has an edge.} Nbd7 9. cxd5 cxd5 ({Better is} 9... exd5 $11 10. Ndf3 Bd6) 10. g4 $1 $14 {[%cal Rg4f5]} Be4 {[#]} ({Black should try} 10... Bg6 $1 $14) 11. f3 $1 $36 {[%cal Rf3e4][%mdl 2048] Black is under strong pressure.} Nxe5 12. dxe5 (12. fxe4 Nc6 $11) 12... Nxg4 {( -> ...Qh4+)} 13. Nxe4 Nxe5 14. Nf2 Bd6 15. Bd2 O-O 16. Bb4 b5 17. Bxd6 Qxd6 18. O-O Nc4 {and if ...Nd2 works, Black does fine.} 19. Rfd1 Rc7 20. a4 Qe5 21. f4 (21. axb5 Nxe3 22. bxa6 Qg5+ 23. Ng4 Nxd1 $11) 21... Qf6 22. axb5 axb5 23. Rd4 h6 24. Ng4 Qh4 25. Rf1 (25. Qxb5 $6 h5 $11) 25... f5 {[#]} 26. Ne5 $1 Nxe5 27. fxe5 Qg5+ 28. Kh1 Rfc8 29. Rg1 (29. Bxb5 {gets mated.} Rc2 30. Rg1 Qh5 31. Rxg7+ Kxg7 32. Be2 Rxe2 33. Qb7+ Kg6 34. Rg4+ Qxg4 35. Qg7+ Kxg7 36. b3 Qg2#) (29. Qxb5 Qxe3 30. Qd3 Qxe5 $15) 29... Qe7 (29... Rc1 $16 30. Bd1 Qe7) 30. Qxb5 ({Much less strong is} 30. Bxb5 $6 Rb8 $14) 30... Rb7 31. Qa6 {Threatens to win with e4!} Rcb8 32. Rd2 Rb6 33. Qa3 Qh4 (33... Qb7 $16) 34. Rd4 $18 Qd8 35. b4 {[%cal Bb2b4,Bb4b5][%mdl 32]} ({Resist} 35. Qa7 $6 R6b7 $16) 35... Qc7 36. b5 Qxe5 37. Qc3 R6b7 38. Rc1 Kh7 39. Ra4 Qd6 (39... Qxc3 {was worth a try.} 40. Rxc3 Kg8) 40. Ra6 {White is clearly winning.} Qe7 41. Qe5 Re8 42. Bd3 Qf7 {[#]} 43. Rxe6 $1 {[%mdl 576] Remove Defender, Decoy} Rxe6 44. Bxf5+ {[%mdl 64] Double Attack} g6 45. Bxe6 Qf3+ 46. Kg1 {Accuracy: White = 66%, Black = 34%.} 1-0